|
|
|
|
| LEADER |
00000nab a2200000ua 4500 |
| 001 |
vtls010761704 |
| 003 |
SK-MaSNL |
| 005 |
20260304200744.0 |
| 008 |
250718s1951 xo |||||||||||||||||slo| |
| 035 |
|
|
|a (urnnbn)urn:nbn:sk:snk:ar-a038fr
|
| 035 |
|
|
|a (uuid)9846e7e0-5b10-4d8b-b401-e6499b404dfc
|
| 035 |
|
|
|a urn:nbn:sk:snk-ab5501
|
| 040 |
|
|
|a SNKBUCL
|b slo
|c SNKBUCL
|e AACR2
|
| 041 |
0 |
|
|a slo
|
| 044 |
|
|
|a xo
|c SK
|
| 100 |
1 |
|
|a Dziuban, Martin,
|d 1892-1970
|4 aut
|9 80902
|
| 245 |
1 |
0 |
|a NÁLEZ PARAZITA TYROGLYPHUS FARINAE DE GEER V STOLICI ČLOVEKA
|c Martin Dziuban
|
| 773 |
0 |
|
|t Bratislavské lekárske listy
|g Roč. 31, č. 11-12 (1951), s. 1168-1177
|
| 850 |
|
|
|a Slovenská národná knižnica
|
| 852 |
|
|
|a Slovenská národná knižnica
|
| 954 |
|
|
|a odborná, vedecká literatúra pôvodná (slovenská)
|2 lita
|
| 958 |
|
|
|a article3
|
| 958 |
|
|
|a OND
|
| 958 |
|
|
|a EUIPO
|
| 999 |
|
|
|c 3090713
|d 3092643
|